The Lonely Vowel Quiz Stats

 Plays Quiz Updated Jul 3, 2013

Challenge
Share
Tweet
Embed
Score 0/22 Timer 03:00
1 Play Today
Word Vowel % Correct
S _ NG???
88.9%
S _ CK???
88.3%
L _ CK???
87.8%
D _ CK???
86.8%
F _ LL???
85.5%
M _ LE???
84.8%
M _ ST???
84.7%
H _ LL???
84.7%
F _ ND???
84%
W _ RE???
83.7%
D _ NG???
83%
Word Vowel % Correct
D _ LL???
81.9%
T _ LL???
81.4%
L _ NE???
76.5%
M _ SH???
74%
P _ NT???
72.8%
T _ NG???
69.3%
R _ LE???
67.5%
S _ RE???
61.5%
T _ RN???
58.3%
M _ LT???
56.3%
D _ ME???
34.6%

You're not logged in!

Compare scores with friends on all Sporcle quizzes.
OR
Log In

You Might Also Like...

Show Comments

Extras

Top Quizzes Today


Score Distribution

Your Account Isn't Verified!

In order to create a playlist on Sporcle, you need to verify the email address you used during registration. Go to your Sporcle Settings to finish the process.

Report this User

Report this user for behavior that violates our Community Guidelines.

Details: